00486nam a2200193 a 4500001001300000003000900013005001700022008004100039020001000080082001600090100001700106245003100123260004000154300000900194500003500203505001000238650002700248700001700275nice12345678IN_TiNIC20260116011635.0050524s1966 cama grp 000 0 eng  ac10000a231.76bCOB aCobb, John B aChristian Natural Theology aCambridgebLutherworth Press c1966 a288p aincludes index and biblioraphy2 aIndex aPhilosophical-Theology1 aCobb, John B